Ikuthvatha

Saved in:
Bibliographic Details
Main Author: Kuruvita Bandara, Tilakaratne
Format: Book
Published: Nugegoda Piyavi Pot Prakasakayo 1990
Tags: Add Tag
No Tags, Be the first to tag this record!

MARC

LEADER 00000nam a2200000 a 4500
020 |a 9789555570251 
082 |a 891.481 
100 |a Kuruvita Bandara, Tilakaratne 
245 |a Ikuthvatha 
260 |a Nugegoda  |b Piyavi Pot Prakasakayo  |c 1990 
300 |a i, 52p. ill 18cm. 
942 |c AFW 
999 |c 120020  |d 120020